000 00304nam a22001337a 4500
008 170612b xxu||||| |||| 00| 0 eng d
020 _a0872201260
041 _aeng
080 _a32
100 _a19
101 _aSHP
245 _aCLASSICS OF MORAL AND POLITICAL THEORY
_cMORGAN,M.K
942 _2udc
_cBK
999 _c16835
_d16835